| 000 | 00342nam a22001457a 4500 | ||
|---|---|---|---|
| 020 | _qPB. | ||
| 040 | _cFIZZA ISHAQ | ||
| 082 |
_a572.80113 _bBAL |
||
| 100 |
_aPIERRE,BALDI. _991233 |
||
| 245 |
_aBIOINFORMATICS / _cBALDI PIERRE. |
||
| 250 | _a2nd ED. | ||
| 260 |
_aLONDON ; _bBradford Book, _c2001. |
||
| 300 | _a452 P. ; | ||
| 942 |
_2ddc _cBK |
||
| 999 |
_c589412 _d589412 |
||